000 00618nam a2200241 i 4500
001 bgj
100 1 _aSTEINBECK, John
_d(1902-1968)
245 1 0 _aOf Mice and Men /
_cJohn Steinbeck.
250 _a[51st edition].
260 _aNew York :
_bBantam Books,
_c1972.
300 _a118 pp ;
_c18 cm.
650 9 _aPeople with mental disabilities
650 9 _aMale friendship
650 9 _aRanch life
650 9 _aCowboys
650 9 _aPsychological fiction
650 9 _aWestern stories
655 _aFiction
040 _cBPK
041 0 _aeng
942 _cKS
008 s uk f |000 0 eng
999 _c47939
_d47939
856 _uhttp://koha.tu.koszalin.pl/cgi-bin/koha/opac-detail.pl?biblionumber=47939
_yKatalog online BPK